Textbook Of Nursing Foundation For Post Basic B. Sc. Nursing (Record no. 158826)
[ view plain ]
| 000 -LEADER | |
|---|---|
| fixed length control field | 00326 a2200109 4500 |
| 020 ## - INTERNATIONAL STANDARD BOOK NUMBER | |
| International Standard Book Number | 9789386322296 |
| 100 ## - MAIN ENTRY--PERSONAL NAME | |
| Personal name | Sarkar, Soumyasree |
| 9 (RLIN) | 181520 |
| 245 ## - TITLE STATEMENT | |
| Title | Textbook Of Nursing Foundation For Post Basic B. Sc. Nursing |
| 250 ## - EDITION STATEMENT | |
| Edition statement | 1st |
| 260 ## - PUBLICATION, DISTRIBUTION, ETC. (IMPRINT) | |
| Name of publisher, distributor, etc. | Jaypee Brothers Medical Publisher |
| Date of publication, distribution, etc. | 2017 |
| 650 ## - SUBJECT ADDED ENTRY--TOPICAL TERM | |
| Topical term or geographic name as entry element | NURSING FOUNDATION |
| 9 (RLIN) | 181738 |
| Withdrawn status | Lost status | Source of classification or shelving scheme | Damaged status | Not for loan | Home library | Current library | Date acquired | Vendor | Cost, normal purchase price | Total Checkouts | Total Renewals | Full call number | Barcode | Date last seen | Date last checked out | Cost, replacement price | Bill Date | Koha item type | Original Barcode |
|---|---|---|---|---|---|---|---|---|---|---|---|---|---|---|---|---|---|---|---|
| Dewey Decimal Classification | Sitabai Nargundkar College of Nursing Nagpur | Sitabai Nargundkar College of Nursing Nagpur | 20/05/2023 | 102 | 434.38 | 4 | 1 | 610.73/SAR | SNCN-BK-3240 | 17/07/2025 | 30/06/2025 | 695.00 | 20/05/2023 | Books | 3240 | ||||
| Dewey Decimal Classification | Sitabai Nargundkar College of Nursing Nagpur | Sitabai Nargundkar College of Nursing Nagpur | 20/05/2023 | 102 | 434.38 | 8 | 610.73/SAR | SNCN-BK-3239 | 15/04/2025 | 08/04/2025 | 695.00 | 20/05/2023 | Books | 3239 | |||||
| Dewey Decimal Classification | Sitabai Nargundkar College of Nursing Nagpur | Sitabai Nargundkar College of Nursing Nagpur | 20/05/2023 | 102 | 434.38 | 8 | 610.73/SAR | SNCN-BK-3241 | 18/07/2025 | 30/06/2025 | 695.00 | 20/05/2023 | Books | 3241 | |||||
| Dewey Decimal Classification | Sitabai Nargundkar College of Nursing Nagpur | Sitabai Nargundkar College of Nursing Nagpur | 20/05/2023 | 102 | 434.38 | 10 | 1 | 610.73/SAR | SNCN-BK-3238 | 08/07/2025 | 23/06/2025 | 695.00 | 20/05/2023 | Books | 3238 | ||||
| Dewey Decimal Classification | Sitabai Nargundkar College of Nursing Nagpur | Sitabai Nargundkar College of Nursing Nagpur | 20/05/2023 | 102 | 434.38 | 10 | 1 | 610.73/SAR | SNCN-BK-3237 | 24/07/2025 | 26/06/2025 | 695.00 | 20/05/2023 | Books | 3237 |